000 00956nam a2200337 a 4500
003 AR-BaBNM
005 20251128210619.0
008 082120s2002 ||||||||||||||000 | spa||
040 _cAR-BaBNM
100 1 _aPhenix, Philip
245 0 0 _aEducación y sociedad
250 _a1ª ed.
260 _aMéxico, D.F.
_bPax-México
_bLibrería Carlos Cesarman
_c1969
300 _a339 p.
500 _aContiene referencias bibliográficas
650 4 _aORGANIZACION DE LA EDUCACION
650 4 _aFINALIDADES DE LA EDUCACION
650 4 _aOBJETIVOS EDUCACIONALES
650 4 _aMEDIOS DE COMUNICACION
650 4 _aEDUCACION AMBIENTAL
650 4 _aEDUCACION SEXUAL
650 4 _aFAMILIA
650 4 _aEDUCACION Y EMPLEO
650 4 _aEDUCACION RELIGIOSA
653 _aPLANEAMIENTO EDUCATIVO
653 _aEDUCACION DEMOCRATICA
653 _aEDUCACION EN VALORES
653 _aEDUCACION PARA LA SALUD
942 _cBK
998 _cRaquel
999 _c16179
_d16179